[Event "Sharjah Rapid op 27th"]
[Site "Sharjah"]
[Date "2022.04.06"]
[Round "4"]
[White "Dehghan, Ibrahim"]
[Black "El Adnani, Mokliss"]
[Result "0-1"]
[WhiteElo "1387"]
[BlackElo "2406"]
[PlyCount "68"]
[EventDate "2022.04.06"]
[EventType "swiss (rapid)"]
[EventRounds "9"]
[EventCountry "UAE"]
[SourceTitle "CBM 207 Extra"]
[Source "ChessBase"]
[SourceDate "2022.05.31"]
[SourceVersion "1"]
[SourceVersionDate "2022.05.31"]
[SourceQuality "1"]

1. d4 d5 2. c4 Nc6 3. cxd5 Qxd5 4. Nf3 e5 5. Nc3 Bb4 6. dxe5 Qxd1+ 7. Kxd1 Bg4 8. Bf4 Nge7 9. h3 Bxf3 10. exf3 Bxc3 11. bxc3 Ng6 12. Bg3 Ngxe5 13. Bb5 0-0-0+ 14. Kc2 a6 15. Be2 Rhe8 16. Rad1 Ng6 17. Rxd8+ Nxd8 18. Bd3 Ne6 19. Re1 Ne7 20. Bc4 Nf5 21. Bxe6+ Rxe6 22. Rxe6 fxe6 23. Kd3 Kd7 24. Ke4 Nxg3+ 25. fxg3 Kd6 26. f4 c5 27. g4 g6 28. f5 exf5+ 29. gxf5 gxf5+ 30. Kxf5 b5 31. g4 a5 32. h4 a4 33. Ke4 a3 34. Kd3 Ke5 0-1